Welcome to CU Library Online Public Access Catalogue (OPAC)

Auditing & Assurance Services (Record no. 2723)

MARC details
000 -LEADER
fixed length control field 00645nam a22002057a 4500
005 - DATE AND TIME OF LATEST TRANSACTION
control field 20250120132337.0
008 - FIXED-LENGTH DATA ELEMENTS--GENERAL INFORMATION
fixed length control field 250120b |||||||| |||| 00| 0 eng d
020 ## - INTERNATIONAL STANDARD BOOK NUMBER
International Standard Book Number 9780072954449
050 ## - LIBRARY OF CONGRESS CALL NUMBER
Classification number HF5667
Item number .A815 LOU
100 ## - MAIN ENTRY--PERSONAL NAME
Personal name Louwers Timothy J.
245 ## - TITLE STATEMENT
Title Auditing & Assurance Services
Statement of responsibility, etc. Timothy J. Louwers, Robert J. Ramsay, David H. Sinason & Jerry R. Strawser
260 ## - PUBLICATION, DISTRIBUTION, ETC.
Place of publication, distribution, etc. Boston
Name of publisher, distributor, etc. McGraw-Hill/Irwin
Date of publication, distribution, etc. 2005
300 ## - PHYSICAL DESCRIPTION
Extent xiii. 764p.
Other physical details ill. col.
Dimensions 28.5 cm x 22.5 cm
500 ## - GENERAL NOTE
General note Includes Index
650 ## - SUBJECT ADDED ENTRY--TOPICAL TERM
Source of heading or term Auditing
700 ## - ADDED ENTRY--PERSONAL NAME
Personal name Ramsay Robert J.
700 ## - ADDED ENTRY--PERSONAL NAME
Personal name Sinason David H.
700 ## - ADDED ENTRY--PERSONAL NAME
Personal name Strawser Jerry R.
942 ## - ADDED ENTRY ELEMENTS (KOHA)
Source of classification or shelving scheme Library of Congress Classification
Koha item type Books
Suppress in OPAC No
999 ## -
-- 2723
-- 2723
Holdings
Withdrawn status Lost status Source of classification or shelving scheme Damaged status Not for loan Collection Home library Current library Shelving location Date acquired Total checkouts Full call number Barcode Date last seen Copy number Price effective from Koha item type
    Library of Congress Classification     Non-fiction Business Library (Miotso) Business Library (Miotso) General stacks 01/20/2025   HF5667 .A815 LOU BSSM00000504 01/20/2025 1 01/20/2025 Books
© 2023-2024 Copyright: Central University Libraries. All Rights Reserved | Created by: Mahone Tech Office